| 000 | 00354nam a2200145 4500 | ||
|---|---|---|---|
| 008 | 190521s1983||||xo d | ||
| 245 | 1 | 0 |
_aMatematické fyzikálne a chemické tabulky _bpre stredné školy |
| 250 | _a1.vydanie | ||
| 260 |
_bSPN _aBratislava _c1983 |
||
| 300 | _a341s. | ||
| 020 | _c0 | ||
| 041 | 1 | _aslo | |
| 044 |
_axo _cSK |
||
| 958 | _aA | ||
| 999 |
_c22407 _d22407 |
||